[Event "FIN-chT1B 1819"]
[Site "Finland"]
[Date "2018.09.15"]
[Round "1.4"]
[White "Takalo Eskola, Anssi"]
[Black "Agopov, Vladimir"]
[Result "1/2-1/2"]
[WhiteElo "2132"]
[BlackElo "2008"]
[PlyCount "91"]
[EventDate "2018.09.15"]
[EventType "team-tourn"]
[EventRounds "7"]
[EventCountry "FIN"]
[SourceTitle "EXT 2020"]
[Source "ChessBase"]
[SourceDate "2019.10.17"]
[SourceVersion "1"]
[SourceVersionDate "2019.10.17"]
[SourceQuality "1"]
[WhiteTeam "Kuopio KSY"]
[BlackTeam "Helsinki KSK"]
[WhiteTeamCountry "FIN"]
[BlackTeamCountry "FIN"]

1. b3 Nf6 2. Bb2 d6 3. e3 g6 4. Bxf6 exf6 5. c4 Bg7 6. Nc3 0-0 7. g3 Bf5 8. Bg2 Qc8 9. Nge2 Na6 10. d4 Nb4 11. 0-0 Re8 12. a3 Nc6 13. b4 Bh3 14. Nd5 Bg4 15. Ra2 Ne7 16. Qd3 c6 17. Nxe7+ Rxe7 18. Nc3 Bh3 19. c5 Bxg2 20. Kxg2 d5 21. b5 f5 22. Rb2 g5 23. Re2 Qe6 24. a4 Rae8 25. Rfe1 Qg6 26. h3 f4 27. Qxg6 hxg6 28. exf4 Rxe2 29. Rxe2 Rxe2 30. Nxe2 gxf4 31. gxf4 Kf8 32. Kf3 Ke7 33. Ke3 Ke6 34. Ng3 Bh6 35. bxc6 bxc6 36. h4 a6 37. f3 Kf6 38. h5 Ke6 39. hxg6 fxg6 40. Ne2 Kf5 41. Ng3+ Ke6 42. Nh1 Kf5 43. Nf2 Bxf4+ 44. Ke2 Bc7 45. Nd3 a5 46. Ke3 1/2-1/2

[Event "FIN-chT 1516"]
[Site "Finland"]
[Date "2016.03.13"]
[Round "11.6"]
[White "Takalo Eskola, Anssi"]
[Black "Makinen, Ilkka"]
[Result "1/2-1/2"]
[WhiteElo "2145"]
[BlackElo "2118"]
[PlyCount "45"]
[EventDate "2015.09.12"]
[EventType "team-tourn"]
[EventRounds "11"]
[EventCountry "FIN"]
[SourceTitle "EXT 2017"]
[Source "ChessBase"]
[SourceDate "2016.10.25"]
[SourceVersion "1"]
[SourceVersionDate "2016.10.25"]
[SourceQuality "1"]
[WhiteTeam "Oulu OSS"]
[BlackTeam "Helsinki HSK"]
[WhiteTeamCountry "FIN"]
[BlackTeamCountry "FIN"]

1. d4 g6 2. Bf4 Bg7 3. e3 Nf6 4. h3 d6 5. Nf3 Nbd7 6. Be2 0-0 7. 0-0 c6 8. c3 a5 9. a4 Re8 10. Qb3 e5 11. Bh2 exd4 12. cxd4 Ne4 13. Bd3 Ndf6 14. Nc3 Bf8 15. Qc2 Qe7 16. Nxe4 Nxe4 17. Bxe4 Qxe4 18. Qxe4 Rxe4 19. Nd2 Re8 20. Nc4 d5 21. Nd6 Re6 22. Nxc8 Rxc8 23. Rfc1 1/2-1/2

[Event "Kuopio We KSY"]
[Site "Kuopio"]
[Date "2015.04.25"]
[Round "2"]
[White "Piironen, Petri"]
[Black "Takalo Eskola, Anssi"]
[Result "1/2-1/2"]
[WhiteElo "1927"]
[BlackElo "2145"]
[PlyCount "24"]
[EventDate "2015.04.25"]
[EventType "swiss"]
[EventRounds "5"]
[EventCountry "FIN"]
[SourceTitle "EXT 2022"]
[Source "ChessBase"]
[SourceDate "2021.10.06"]
[SourceVersion "1"]
[SourceVersionDate "2021.10.06"]
[SourceQuality "1"]

1. e4 d5 2. exd5 Nf6 3. d4 Bg4 4. Be2 Bxe2 5. Qxe2 Qxd5 6. Nf3 Nc6 7. c4 Nxd4 8. cxd5 Nxe2 9. Kxe2 Nxd5 10. Nc3 Nxc3+ 11. bxc3 f6 12. Rd1 e5 1/2-1/2

[Event "Kuopio We KSY A"]
[Site "Kuopio"]
[Date "2014.04.26"]
[Round "3"]
[White "Takalo Eskola, Anssi"]
[Black "Sipila, Markku"]
[Result "1/2-1/2"]
[WhiteElo "2143"]
[BlackElo "1983"]
[PlyCount "29"]
[EventDate "2014.04.26"]
[EventType "swiss"]
[EventRounds "5"]
[EventCountry "FIN"]
[SourceTitle "EXT 2022"]
[Source "ChessBase"]
[SourceDate "2021.10.06"]
[SourceVersion "1"]
[SourceVersionDate "2021.10.06"]
[SourceQuality "1"]

1. b3 e5 2. e3 g6 3. Bb2 Bg7 4. f4 d6 5. Nf3 Bg4 6. Be2 Nd7 7. 0-0 c6 8. h3 Bxf3 9. Bxf3 f5 10. e4 Qb6+ 11. Kh1 0-0-0 12. exf5 gxf5 13. a4 Ne7 14. a5 Qc7 15. a6 1/2-1/2

[Event "FIN-chT 1314"]
[Site "Finland"]
[Date "2014.02.09"]
[Round "8.8"]
[White "Takalo Eskola, Anssi"]
[Black "Nurmi, Timo"]
[Result "1-0"]
[WhiteElo "2137"]
[BlackElo "2002"]
[PlyCount "77"]
[EventDate "2013.09.21"]
[EventType "team-tourn"]
[EventRounds "11"]
[EventCountry "FIN"]
[SourceTitle "EXT 2015"]
[Source "ChessBase"]
[SourceDate "2014.11.20"]
[SourceVersion "1"]
[SourceVersionDate "2014.11.20"]
[SourceQuality "1"]
[WhiteTeam "Oulu OSS"]
[BlackTeam "Sastamala VammSK"]
[WhiteTeamCountry "FIN"]
[BlackTeamCountry "FIN"]

1. c4 e6 2. g3 d5 3. Bg2 Nf6 4. Nf3 c6 5. b3 Nbd7 6. Bb2 Be7 7. 0-0 0-0 8. d3 b6 9. Nbd2 Bb7 10. e4 c5 11. Qe2 dxe4 12. dxe4 Qc7 13. e5 Ne8 14. Rad1 Bc6 15. Ne4 Rd8 16. h4 Qb7 17. Nh2 b5 18. cxb5 Qxb5 19. Qc2 g6 20. Ng4 h5 21. Ne3 Nc7 22. Nd6 Qa6 23. Ne4 Nd5 24. Nxd5 exd5 25. Ng5 Bxg5 26. hxg5 d4 27. Bxc6 Qxc6 28. Bxd4 Qe6 29. Bb2 h4 30. Rd6 Qe7 31. f4 Nxe5 32. Rxd8 Nf3+ 33. Rxf3 Rxd8 34. Bf6 Qe1+ 35. Rf1 Qxg3+ 36. Qg2 Rd2 37. Qxg3 hxg3 38. Rf3 Rxa2 39. Rd3 1-0

[Event "Raahe We RaahLi"]
[Site "Raahe"]
[Date "2013.??.??"]
[Round "3"]
[White "Takalo Eskola, Anssi"]
[Black "Wallin, Aleksi"]
[Result "1/2-1/2"]
[WhiteElo "2138"]
[BlackElo "2165"]
[PlyCount "35"]
[EventDate "2013.??.??"]
[EventType "swiss"]
[EventRounds "5"]
[EventCountry "FIN"]
[SourceTitle "EXT 2022"]
[Source "ChessBase"]
[SourceDate "2021.10.06"]
[SourceVersion "1"]
[SourceVersionDate "2021.10.06"]
[SourceQuality "1"]

1. Nf3 Nf6 2. g3 g6 3. Bg2 Bg7 4. 0-0 0-0 5. d3 d5 6. c4 c5 7. Nc3 Nc6 8. Bf4 d4 9. Na4 Nd7 10. Qd2 e5 11. Bh6 Qc7 12. Bxg7 Kxg7 13. a3 b6 14. b4 Bb7 15. Rfb1 Rae8 16. bxc5 bxc5 17. Nh4 f5 18. Bd5 1/2-1/2

[Event "Kajaani We KaSY"]
[Site "Kajaani"]
[Date "2011.??.??"]
[Round "5"]
[White "Julkunen, Tapio"]
[Black "Takalo Eskola, Anssi"]
[Result "0-1"]
[WhiteElo "1976"]
[BlackElo "2085"]
[PlyCount "104"]
[EventDate "2011.??.??"]
[EventType "swiss"]
[EventRounds "5"]
[EventCountry "FIN"]
[SourceTitle "EXT 2022"]
[Source "ChessBase"]
[SourceDate "2021.10.06"]
[SourceVersion "1"]
[SourceVersionDate "2021.10.06"]
[SourceQuality "1"]

1. d4 d5 2. Nf3 Bf5 3. c4 e6 4. Nc3 Nc6 5. Qb3 Nb4 6. e4 dxe4 7. c5 Nc2+ 8. Qxc2 exf3 9. Qa4+ c6 10. gxf3 Nf6 11. Be2 Be7 12. Be3 Nd5 13. 0-0-0 0-0 14. Rhg1 b5 15. Qb3 a5 16. Nxd5 Qxd5 17. Qxd5 exd5 18. Kd2 Bf6 19. Bd3 Bg6 20. Bxg6 fxg6 21. Rg3 Bd8 22. Rh1 Bc7 23. Rh3 Rf5 24. Rg1 Raf8 25. Ke2 Re8 26. Kd3 Re6 27. Rg4 Ref6 28. Ke2 h6 29. Rg1 Kf7 30. b3 g5 31. a4 b4 32. Rg4 Kg6 33. Rg1 Rf8 34. Rg2 Re8 35. Kd3 Bf4 36. Rg1 Rf7 37. Rg2 Kf5 38. Rg1 Rfe7 39. Re1 Re6 40. Re2 g4 41. fxg4+ Kxg4 42. Rg3+ Bxg3 43. hxg3 Kf3 44. Re1 g6 45. Kd2 h5 46. Rf1 Kg2 47. Rc1 g5 48. Ke2 h4 49. gxh4 gxh4 50. Rc2 h3 51. Kd3 Kf3 52. Rc1 h2 0-1

[Event "Dos Hermanas Internet qual-E 10th"]
[Site "ICC INT"]
[Date "2009.03.15"]
[Round "7"]
[White "Takalo Eskola, Anssi"]
[Black "Martinez Martin, David"]
[Result "1-0"]
[WhiteElo "2073"]
[BlackElo "2390"]
[PlyCount "159"]
[EventDate "2009.03.15"]
[EventType "swiss (blitz)"]
[EventRounds "12"]
[EventCountry "ESP"]
[SourceTitle "CBM 129 Extra"]
[Source "ChessBase"]
[SourceDate "2009.05.05"]
[SourceVersion "2"]
[SourceVersionDate "2009.05.20"]
[SourceQuality "1"]

1. d4 e6 2. Bf4 c5 3. e3 Qb6 4. Nc3 cxd4 5. exd4 a6 6. Rb1 Nc6 7. d5 Na7 8. Nf3 Nf6 9. Bc4 Nb5 10. Be3 Qa5 11. Bxb5 axb5 12. dxe6 dxe6 13. 0-0 Be7 14. Qe2 Bd7 15. Ne5 Bc6 16. Nxc6 bxc6 17. Qf3 Rc8 18. a3 0-0 19. Ne4 Nxe4 20. Qxe4 Rfd8 21. Rfd1 Bf6 22. c3 Qc7 23. g3 g6 24. Kg2 h5 25. h4 Qe5 26. Qf3 c5 27. Bf4 Qf5 28. Rbc1 c4 29. Be3 Qxf3+ 30. Kxf3 Kf8 31. Bb6 Rxd1 32. Rxd1 Ke7 33. Ke4 Rc6 34. Be3 Ke8 35. f3 Be7 36. f4 Rd6 37. Rxd6 Bxd6 38. Bd4 f5+ 39. Kf3 Kd7 40. Ke3 Kc6 41. Bf6 Kd5 42. Bd4 Bc7 43. Kf3 Bd8 44. Ke3 Be7 45. Kf3 Bd6 46. Be3 e5 47. fxe5 Bxe5 48. Bb6 Kc6 49. Be3 Kb7 50. Bd2 Ka6 51. Be3 Ka5 52. Bf4 Bxf4 53. Kxf4 Ka4 54. Kg5 Kb3 55. Kxg6 Kxb2 56. Kxf5 Kxc3 57. g4 Kb3 58. gxh5 c3 59. h6 c2 60. h7 c1Q 61. h8Q Qc2+ 62. Ke6 Qc4+ 63. Ke7 Qc5+ 64. Kd7 Kxa3 65. Qa8+ Kb4 66. Qe4+ Qc4 67. Qxc4+ bxc4 68. h5 c3 69. h6 c2 70. h7 c1Q 71. h8Q Qc6+ 72. Kxc6 Kc4 73. Qh4+ Kb3 74. Kc5 Kc2 75. Qh3 Kd2 76. Kd4 Ke2 77. Qe3+ Kf1 78. Qd2 Kg1 79. Ke3 Kh1 80. Kf3 1-0

[Event "Kokkola We KokkSK"]
[Site "Kokkola"]
[Date "2009.??.??"]
[Round "4"]
[White "Linqvist, Grels"]
[Black "Takalo Eskola, Anssi"]
[Result "1/2-1/2"]
[WhiteElo "2034"]
[BlackElo "2073"]
[PlyCount "34"]
[EventDate "2009.??.??"]
[EventType "swiss"]
[EventRounds "5"]
[EventCountry "FIN"]
[SourceTitle "EXT 2011"]
[Source "ChessBase"]
[SourceDate "2010.11.26"]
[SourceVersion "1"]
[SourceVersionDate "2010.11.26"]
[SourceQuality "1"]

1. c4 e5 2. Nc3 Nf6 3. g3 h6 4. Bg2 Bb4 5. e3 0-0 6. Nge2 Re8 7. 0-0 Nc6 8. d3 Bxc3 9. Nxc3 d6 10. Rb1 Be6 11. Nd5 Nh7 12. b4 Qc8 13. b5 Ne7 14. Nxe7+ Rxe7 15. f4 Bh3 16. Qf3 Bxg2 17. Qxg2 Rb8 1/2-1/2

[Event "Kokkola We KokkSK"]
[Site "Kokkola"]
[Date "2009.??.??"]
[Round "1"]
[White "Takalo Eskola, Anssi"]
[Black "Nisula, Timo"]
[Result "1/2-1/2"]
[WhiteElo "2073"]
[BlackElo "1987"]
[PlyCount "117"]
[EventDate "2009.??.??"]
[EventType "swiss"]
[EventRounds "5"]
[EventCountry "FIN"]
[SourceTitle "EXT 2011"]
[Source "ChessBase"]
[SourceDate "2010.11.26"]
[SourceVersion "1"]
[SourceVersionDate "2010.11.26"]
[SourceQuality "1"]

1. d4 Nf6 2. Bf4 e6 3. e3 b6 4. h3 Bb7 5. Nf3 Be7 6. Nbd2 0-0 7. Bd3 d5 8. Qe2 Ne4 9. a4 a5 10. 0-0 Bd6 11. c3 Bxf4 12. exf4 Nxd2 13. Qxd2 Ba6 14. Rfe1 Bxd3 15. Qxd3 Qf6 16. f5 Qxf5 17. Qxf5 exf5 18. Re5 c6 19. Rxf5 f6 20. Re1 Nd7 21. Re6 Rac8 22. g4 Rfe8 23. Re3 Rxe3 24. fxe3 Re8 25. Kf2 h6 26. Nh4 Kf7 27. Rf3 g6 28. Ng2 Nf8 29. Nf4 Nh7 30. Ke2 Ng5 31. Rg3 Ne4 32. Rg2 Nd6 33. b3 Ne4 34. Kd3 Ng5 35. c4 Ne6 36. Nxe6 Kxe6 37. Rf2 Rf8 38. e4 dxe4+ 39. Kxe4 f5+ 40. gxf5+ gxf5+ 41. Kf4 Rd8 42. Re2+ Kf6 43. Rd2 Ke6 44. Ke3 Rg8 45. Kf2 f4 46. d5+ cxd5 47. Rxd5 Rg3 48. Rb5 Rxh3 49. Rxb6+ Ke5 50. Kg2 Rc3 51. Rxh6 Rxb3 52. Rh5+ Kd4 53. Rxa5 Kxc4 54. Ra8 Ra3 55. a5 Kb5 56. Rb8+ Kxa5 57. Ra8+ Kb4 58. Re8 f3+ 59. Kf2 1/2-1/2

[Event "Kajaani We KaSY op"]
[Site "Kajaani"]
[Date "2008.??.??"]
[Round "2"]
[White "Matikainen, Olli"]
[Black "Takalo Eskola, Anssi"]
[Result "0-1"]
[WhiteElo "1948"]
[BlackElo "2057"]
[PlyCount "80"]
[EventDate "2008.07.??"]
[EventType "swiss"]
[EventRounds "5"]
[EventCountry "FIN"]
[SourceTitle "EXT 2010"]
[Source "ChessBase"]
[SourceDate "2010.11.25"]
[SourceVersion "1"]
[SourceVersionDate "2010.11.25"]
[SourceQuality "1"]

1. e4 d5 2. exd5 Qxd5 3. Nc3 Qa5 4. d4 Nf6 5. Bc4 Bg4 6. Nf3 Nc6 7. Bb5 0-0-0 8. Bxc6 bxc6 9. Qd3 Bxf3 10. Qxf3 Kb7 11. b4 Qh5 12. Qxh5 Nxh5 13. Be3 Nf6 14. 0-0 Nd5 15. Nxd5 cxd5 16. c4 dxc4 17. Rfc1 e6 18. Rxc4 Bd6 19. Rac1 f6 20. f4 Rhe8 21. Kf2 Rd7 22. Kf3 e5 23. dxe5 fxe5 24. g3 Rf8 25. Kg2 exf4 26. gxf4 Rf5 27. Rd1 Re7 28. Rd3 Ref7 29. Rdd4 a5 30. a3 axb4 31. axb4 Rh5 32. h3 Rf6 33. Rd3 Rg6+ 34. Kh2 Rg4 35. Bd2 g5 36. Rg3 Rgh4 37. Kg2 gxf4 38. Rf3 Rg5+ 39. Kf2 Rg3 40. Rxg3 fxg3+ 0-1